Lazernyj uľtrazvukovoj kontroľ materialov /
Enregistré dans:
| Auteur principal: | |
|---|---|
| Format: | Livre |
| Langue: | russe |
| Publié: |
Leningrad :
Izd. Leningradskogo Universiteta,
1986
|
| Sujets: | |
| Tags: |
Pas de tags, Soyez le premier à ajouter un tag!
|
MARC
| LEADER | 00000nam a22000003a 4500 | ||
|---|---|---|---|
| 001 | stu35253 | ||
| 005 | 20150617225731.3 | ||
| 008 | 920413s1986----xxr-----------------rus-d | ||
| 040 | |a STU |b slo | ||
| 041 | 0 | |a rus | |
| 044 | |a xxr | ||
| 080 | |a 621.375.826 |7 stu_us_auth*stu9916 | ||
| 080 | |a 620.179.16 | ||
| 100 | 1 | |a Čabanov, Vladimir Jemeľjanovič |4 aut | |
| 245 | 1 | |a Lazernyj uľtrazvukovoj kontroľ materialov / |c [aut.]V.Je. Čabanov | |
| 260 | |a Leningrad : |b Izd. Leningradskogo Universiteta, |c 1986 | ||
| 300 | |a 230 s | ||
| 650 | 7 | |a lasery |2 stusub | |
| 650 | 7 | |a skúšanie |2 stusub | |
| 650 | 7 | |a ultrazvuk |2 stusub | |
| 996 | |b 284M061745 |c M*1791-1 |l MMKN |s A |a 24 |w stu35253_0001 | ||